000 00431nam a2200157Ia 4500
003 GCL
008 140319s9999 xx 000 0 eng d
040 _aGCL /
_cGCL
082 0 4 _a004.65
_bE E
100 1 _aELL SWORTH, JILL H.
245 1 0 _aEDUCATION ON THE INTERNET /
_cELL SWORTH, JILL H.
260 _a[S.N] :
_bSAMS PUBLISHING ،
_c1995
650 0 4 _aEDUCATION - INTERNET
650 0 4 _aCOMPUTER - NETWORKS
942 _2ddc
_cBK
999 _c10581
_d10581